000 01641nam a2200373 a 4500
001 ebr10752286
003 CaPaEBR
006 m o u
007 cr cn|||||||||
008 150303s1991 gauao sb 000 0 eng d
020 _z9780820312873
020 _z9780820346212 (e-book)
040 _aCaPaEBR
_cCaPaEBR
035 _a(OCoLC)856017729
043 _af------
_acl-----
050 1 4 _aTX360.A26
_b.A58 1991eb
082 0 4 _a301
_223
245 0 0 _aAnthropology and food policy
_h[electronic resource] :
_bhuman dimensions of food policy in Africa and Latin America /
_cDella E. McMillan, editor, with the assistance of Jeanne Harlow.
260 _aAthens, Ga. :
_bUniversity of Georgia Press,
_cc1991.
300 _a1 online resource (191 p.) :
_bill., photographs.
490 0 _aSouthern Anthropological Society proceedings ;
_vno. 24
504 _aIncludes bibliographical references.
533 _aElectronic reproduction.
_bPalo Alto, Calif. :
_cebrary,
_d2015.
_nAvailable via World Wide Web.
_nAccess may be limited to ebrary affiliated libraries.
588 _aDescription based on online resource; title from title page (ebrary, viewed September 13, 2013).
650 0 _aNutrition policy
_zAfrica.
650 0 _aNutrition policy
_zLatin America.
650 0 _aApplied anthropology
_zAfrica.
650 0 _aApplied anthropology
_zLatin America.
655 7 _aElectronic books.
_2local
700 1 _aMcMillan, Della E.
700 1 _aHarlow, Jeanne.
710 2 _aebrary, Inc.
856 4 0 _uhttp://site.ebrary.com/lib/rucke/Doc?id=10752286
_zAn electronic book accessible through the World Wide Web; click to view
999 _c115948
_d115948